Statistics for Australian Cities Along the Coast

Click here to take the quiz!

General Stats

  • This quiz has been taken 64 times
  • The average score is 27 of 36

Answer Stats

City% Correct
Brisbane, QLD
100%
Gold Coast, QLD
98%
Cairns, QLD
96%
Sydney, NSW
93%
Townsville, QLD
93%
Newcastle, NSW
91%
Sunshine Coast, QLD
91%
Mackay, QLD
85%
Melbourne, VIC
85%
Darwin, NT
83%
Geelong, VIC
83%
Wollongong, NSW
83%
Adelaide, SA
80%
Coffs Harbour, NSW
80%
Ballina, NSW
76%
Central Coast, NSW
76%
Forster, NSW
76%
Port Macquarie, NSW
74%
Gladstone, QLD
72%
Hervey Bay, QLD
72%
Broome, WA
70%
Nelson Bay, NSW
70%
Nowra, NSW
70%
Eden, NSW
67%
Perth, WA
67%
Batemans Bay, NSW
65%
Warrnambool, VIC
63%
Albany, WA
59%
Port Augusta, SA
59%
Whyalla, SA
59%
Port Lincoln, SA
57%
Bunbury, WA
54%
Geraldton, WA
54%
Karratha, WA
54%
Port Hedland, WA
54%
Victor Harbor, SA
54%

Score Distribution

Percentile by Number Answered

Percent of People with Each Score

Your Score History

You have not taken this quiz